Les 15 meilleurs passeurs de ligue 1 (saison 2023-2024) - Statistiques

Statistiques générales
  • Ce quiz a été pris 63 fois
  • Le résultat moyen est 9 sur 15
Statistiques - réponses
Classement
Nombre de
passes
décisives
Équipe Joueur % Correct
5 7 Paris Kylian Mbappé
100%
3 8 Paris Ousmane Dembélé
90%
4 7 Paris Bradley Barcola
80%
1 8 Brest Romain Del Castillo
73%
13 6 Montpellier Teji Savanier
68%
8 6 Lille Edon Zhegrova
63%
10 6 Marseille Pierre-Emerick Aubameyang
63%
11 6 Monaco Aleksandr Golovin
61%
7 6 Lens Florian Sotoca
61%
6 7 Reims Junya Ito
59%
9 6 Lyon Rayan Cherki
59%
12 6 Monaco Takumi Minamino
53%
2 8 Lille Angel Gomes
47%
14 6 Strasbourg Dilane Bakwa
19%
15 5 Le Havre Josué Casimir
7%
Aucun quiz correspondant
Distribution des résultats
% des personnes avec chaque résultat
Percentile par nombre de réponses
Votre historique - résultats
Vous n’avez pas pris ce quiz